| 000 | 01045nam0a22002531 4500 | ||
|---|---|---|---|
| 001 | rc\2147205 | ||
| 005 | 20250623003119.0 | ||
| 035 | _a(NLR Aleph) 006492327 | ||
| 090 |
_a6145632 _c6145632 |
||
| 100 | _a20110829d1979 |||y0rusy50 ca | ||
| 101 | 0 | _arus | |
| 102 | _aRU | ||
| 105 | _ay z ||||| | ||
| 200 | 1 |
_aИдеологическая борьба в современном мире _eМетод. рекомендации в помощь изучающим курс "Конституция СССР. Пробл. теории и политики", для пропагандистов и лекторов |
|
| 210 |
_aСаратов _cБ. и. _d1979 |
||
| 215 |
_a25 с. _d21 |
||
| 300 | _aВ надзаг.: Дом полит. просвещения обкома КПСС, Обл. орг. о-ва "Знание" | ||
| 320 | _aБиблиогр.: с. 25 | ||
| 700 | 1 |
_aЛодзято _bА.Э. _gАлла Эдуардовна |
|
| 801 | 0 |
_aRU _bNLR _gpsbo |
|
| 801 | 1 |
_aRU _bELAR _2rusmarc |
|
| 852 |
_aNLR _j79-4/26938 |
||
| 942 | _cBOOK | ||
| 980 | _aNB | ||